Physics of electricity and magnetism (Record no. 14128)

000 -LEADER
fixed length control field 00465nam a22001817a 4500
001 - CONTROL NUMBER
control field 14128
003 - CONTROL NUMBER IDENTIFIER
control field BD-DhUET
008 - FIXED-LENGTH DATA ELEMENTS--GENERAL INFORMATION
fixed length control field 150307b xxu||||| |||| 00| 0 eng d
040 ## - CATALOGING SOURCE
Transcribing agency DLC
Modifying agency BD-DhUET
082 ## - DEWEY DECIMAL CLASSIFICATION NUMBER
Classification number 537
Item number SCO/1959
100 ## - MAIN ENTRY--PERSONAL NAME
Personal name Scott, William Taussig
245 ## - TITLE STATEMENT
Title Physics of electricity and magnetism
250 ## - EDITION STATEMENT
Edition statement 1st ed.
260 ## - PUBLICATION, DISTRIBUTION, ETC. (IMPRINT)
Place of publication, distribution, etc. New York
Name of publisher, distributor, etc. John Wiley & Sons
Date of publication, distribution, etc. 1959
300 ## - PHYSICAL DESCRIPTION
Extent xvi, 635 p.
Other physical details ill.
650 #0 - SUBJECT ADDED ENTRY--TOPICAL TERM
Topical term or geographic name as entry element Magnetism : Physics
942 ## - ADDED ENTRY ELEMENTS (KOHA)
Koha item type General Book
Holdings
Piece designation (barcode) Date acquired Sublocation or collection (holding branch) Not for loan Koha full call number Location (home branch) Copy number Price effective from Damaged status Shelving location Koha item type Lost status Withdrawn status Koha date last seen Source of classification or shelving scheme Koha normalized classification for sorting
867052015-03-07Central Library, BUET 537.1/SCO/1959Central Library, BUET12015-03-07 Circulation sectionGeneral Book  2015-03-07 537_100000000000000_SCO_1959
88842015-03-19Central Library, BUET 537/SCO/1959Central Library, BUET22015-03-19 Circulation sectionGeneral Book  2015-03-19 537_000000000000000_SCO_1959